书目信息 |
| 题名: |
辽沈战役亲历记
|
|
| 作者: | 刘琦 编 | |
| 分册: | ||
| 出版信息: | 北京 文史资料出版社 1985 |
|
| 页数: | 650页 | |
| 开本: | 20cm | |
| 丛书名: | ||
| 单 册: | ||
| 中图分类: | E297.4 , K266.6 | |
| 科图分类: | ||
| 主题词: | 辽沈战役(1948)--史料 , 中国--历史 | |
| 电子资源: | ||
| ISBN: | ||
| 000 | 00704nam0 2200265 45 | |
| 001 | 0185001684 | |
| 005 | 20040518085808.3 | |
| 010 | @dCNY4.30 | |
| 091 | @a11224.182 | |
| 100 | @a19900816d1985 em y0chiy0121 ea | |
| 101 | 0 | @achi |
| 102 | @aCN@b110000 | |
| 105 | @af z 000yd | |
| 106 | @ar | |
| 200 | 10 | @a辽沈战役亲历记@Aliao shen zhan yi qin li ji@e原国民党将领的回忆@f刘琦编 |
| 210 | @a北京@c文史资料出版社@d1985 | |
| 215 | @a650页@c照片@d20cm | |
| 606 | @a辽沈战役(1948)@x史料 | |
| 606 | 0 | @a中国@x历史 |
| 690 | @aE297.4@v3 | |
| 690 | @aK266.6 | |
| 701 | 0 | @a刘琦@Aliu qi@4编 |
| 801 | 0 | @aCN@b深圳图书馆@c20040518 |
| 801 | 2 | @aCN@bNLC@c20040518 |
| 905 | @f2@b153488-489@dK266.6@e20 | |
| 辽沈战役亲历记:原国民党将领的回忆/刘琦编.-北京:文史资料出版社,1985 |
| 650页:照片;20cm |
| ISBN :CNY4.30 |
| ● |
| 相关链接 |
|
|
|
|
正题名:辽沈战役亲历记
索取号:K266.6/20
 
预约/预借
| 序号 | 登录号 | 条形码 | 馆藏地/架位号 | 状态 | 备注 |
| 1 | 0153488 | 000354306 | 第二借阅区/ [索取号:K266.6/20] | 在馆 | |
| 2 | 0153489 | 000354299 | 密集书库/ [索取号:K266.6/20] | 在馆 | |
| 3 | 0153490 | 000354315 | 第二样本阅览室/ [索取号:K266.6/20] | 在馆 |